Click the Paul McCartney & Wings Song Title Ending - Statistics

General Stats
  • This quiz has been taken 85 times
  • The average score is 17 of 20
Answer Stats
Hint Answer % Correct
Live and Let Die
100%
Nineteen Hundred and Eighty-Five
99%
Hi, Hi, Hi
99%
Listen to What the Man Said
96%
Silly Love Songs
96%
Band on the Run
94%
Give Ireland Back to the Irish
93%
Mary Had a Little Lamb
90%
My Love
90%
Mrs. Vandebilt
90%
London Town
87%
Junior's Farm
84%
Let 'Em In
84%
Mull of Kintyre
83%
With a Little Luck
83%
Let Me Roll It
74%
Arrow Through Me
71%
Goodnight Tonight
59%
C Moon
57%
Helen Wheels
55%
No matching quizzes found
Score Distribution
Percent of People with Each Score
Percentile by Number Answered
Your Score History
You have not taken this quiz